| 000 | 00988nac a22002291u 4500 | ||
|---|---|---|---|
| 008 | 100916t xxu||||| |||| 00| 0 eng d | ||
| 010 | _a 62053258 | ||
| 035 | _a(OCoLC)4011338 | ||
| 082 | _a641.1 | ||
| 100 |
_a20080729 _919367 |
||
| 110 | 2 |
_aFood and Agriculture Organization of the United Nations. _919368 |
|
| 245 | 1 | 0 |
_aNutrition and Working Efficiency / _cFood and Agriculture Organization of the United Nations. |
| 260 |
_aRome: _bFood and Agriculture Organization of the United Nations, _c1962. |
||
| 300 |
_a47 p. : _bill. ; _c23 cm. |
||
| 490 | 0 |
_aFreedom from hunger campaign. Basic study _vno. 5 _919369 |
|
| 500 | _aDonations. | ||
| 500 | _aDonations - Bibliotheca Alexandrina. | ||
| 650 | 0 |
_aNutrition. _919370 |
|
| 650 | 0 |
_aPerformance. _919371 |
|
| 942 |
_cBB _k641.1 _2ddc |
||
| 999 |
_c3566 _d3566 |
||